| 000 | 00589nam a2200181 a 4500 | ||
|---|---|---|---|
| 001 | 5807 | ||
| 003 | CDMR | ||
| 005 | 20130313103904.0 | ||
| 008 | 130130s ||||||||||||||||||||||||||||d | ||
| 020 | _a842972429X | ||
| 040 |
_aCDMR _bcat _cCDMR |
||
| 245 | 0 | 0 |
_aHistòria gràfica de Catalunya dia a dia 1985 _credacció de Xavier Febrés ; entrevistes de Patrícia Gabancho ; pròleg de Manuel Ibàñez Escofet |
| 260 |
_aBarcelona _bEdicions 62 _c1986 |
||
| 700 | 1 |
_91324 _aFebrés, Xavier |
|
| 700 | 1 |
_92677 _aGabancho, Patrícia |
|
| 700 | 1 |
_91203 _aIbañez Escofet, Manuel |
|
| 942 |
_cMON _2udc |
||
| 999 |
_c5807 _d5807 |
||